000 00570nam a2200229Ia 4500
008 210210b2011 xxu||||| |||| 00| 0 eng d
020 _a9780521725194
041 _aeng
082 _a327.51073 FOOC
100 _aFOOT (Rosemary)
245 _aChina the United States and global order
260 _aNew York
_bCambridge University Press
_c2011
300 _axii,340
650 _aUnited
650 _aStates
650 _aorder
650 _aglobal
650 _aChina
690 _aInternational Relations
700 _aWALTER (Andrew)
906 _a071372
999 _c120743
_d120743